UM Logo

Introduction to speechwork for actors : (Record no. 23750)

MARC details
000 -LEADER
fixed length control field 01674nam a22002057a 4500
005 - DATE AND TIME OF LATEST TRANSACTION
control field 20250917144747.0
008 - FIXED-LENGTH DATA ELEMENTS--GENERAL INFORMATION
fixed length control field 250912b |||||||| |||| 00| 0 eng d
020 ## - INTERNATIONAL STANDARD BOOK NUMBER
International Standard Book Number 9781350145962
082 ## - DEWEY DECIMAL CLASSIFICATION NUMBER
Classification number DC 792.028 C195 2023
100 ## - MAIN ENTRY--PERSONAL NAME
Personal name Carlos, Ron.
9 (RLIN) 67391
245 ## - TITLE STATEMENT
Title Introduction to speechwork for actors :
Remainder of title an inclusive approach /
Statement of responsibility, etc. Ron Carlos.
260 ## - PUBLICATION, DISTRIBUTION, ETC. (IMPRINT)
Place of publication, distribution, etc. London :
Name of publisher, distributor, etc. Bloomsbury Publishing Plc.,
Date of publication, distribution, etc. ©2023.
300 ## - PHYSICAL DESCRIPTION
Extent xvii, 221 pages :
Other physical details illustrations ;
Dimensions 21 cm.
500 ## - GENERAL NOTE
General note Includes appendices, glossary, and index.
520 ## - SUMMARY, ETC.
Summary, etc. "Traditional speech work has long favored an upper-class white accent as the model of intelligibility. Because of that, generations of actors have felt disconnected from their own identities and acting choices. This much-needed textbook redresses that trend and encourages actors to achieve intelligibility through rigorous language analysis and an exploration of their own accent and articulation practices. It breaks down a process for analyzing text in a way that excites the imagination, offering a number of exercises that bring awareness to each actor to make their own speech come alive. Guiding the student through the labyrinth of abstract concepts and terms, readers are delivered into the practicality of exercises and explorations. Informed throughout by notes from directors and acting teachers, as well as the author's own extensive experience, this book serves as an ideal speech-training resource for the 21st Century actor, and includes specially commissioned online videos demonstrating key exercises"
650 #0 - SUBJECT ADDED ENTRY--TOPICAL TERM
Topical term or geographic name as entry element Voice culture.
9 (RLIN) 67699
650 #0 - SUBJECT ADDED ENTRY--TOPICAL TERM
Topical term or geographic name as entry element Speech.
9 (RLIN) 67700
650 #0 - SUBJECT ADDED ENTRY--TOPICAL TERM
Topical term or geographic name as entry element Acting.
9 (RLIN) 67701
942 ## - ADDED ENTRY ELEMENTS (KOHA)
Source of classification or shelving scheme Dewey Decimal Classification
Koha item type Circulation
Holdings
Withdrawn status Lost status Source of classification or shelving scheme Damaged status Not for loan Collection code Home library Current library Date acquired Source of acquisition Cost, normal purchase price Total Checkouts Full call number Barcode Date last seen Price effective from Koha item type
    Dewey Decimal Classification     Circulation UM Digos College - LIC UM Digos College - LIC 08/11/2025 Purchased 2670.00   DC 792.028 C195 2023 28779 09/12/2025 09/12/2025 Circulation